00591cam a22002291 4500001001300000003000400013005001700017008004100034010001700075035002000092040001800112042001200130043001200142050001600154100003200170245005700202260001100259300001900270500001400289650004100303999001700344sa 63001269 DLC20260227111926.0900208s1962 ii 000 0 hino  asa 63001269  a(OCoLC)21021791 aDLCcWaUdDLC apremarc aa-ii---00aPK2040b.A91 aAvtare, Shanker Dev,d1926-10aHindī sāhitya meṃ kāvyarūpoṃ ke prayoga. c[1962] a361 p.c23 cm. aIn Hindi. 0aHindi poetryxHistory and criticism. c53882d53882